00282nam a22000977a 4500082001200000100002100012245008600033260004300119300000800162650001400170 a301 BER aBerger, Peter L. aThe precarious vision: A sociologist looks at social fictions and Christian faith aNew YorkbDouble day and Companyc1961 a238 asociology